Prepositions in TV Shows II Quiz Stats

 Plays Quiz Updated Jan 24, 2018

Challenge
Share
Tweet
Embed
Score 0/20 Timer 03:00
2 Plays Today
% Correct
In
96.8%
Out
96.7%
By
96.6%
With
96.5%
Of
96.4%
About
96.4%
For
95.6%
At
95.6%
Up
95.3%
Beyond
90.6%
% Correct
As
90.6%
Vs.
87.3%
To
85.8%
Below
84.9%
From
84%
Under
83.1%
Inside
81.4%
On
64.2%
Between
61.1%
Against
59.5%

You're not logged in!

Compare scores with friends on all Sporcle quizzes.
OR
Log In

You Might Also Like...

Show Comments

Extras

Top Quizzes Today


Score Distribution

Your Account Isn't Verified!

In order to create a playlist on Sporcle, you need to verify the email address you used during registration. Go to your Sporcle Settings to finish the process.

Report this User

Report this user for behavior that violates our Community Guidelines.

Details: